000 00246nam a2200097Ia 4500
001 683639
005 20250826161442.0
008 250824s9999 xx 000 0 und d
245 0 _aSİYAH ZAMBAK VE MERVE
_cSEVİM ASIMGİL
260 _bHAYAT YAYINLARI
999 _c683639
_d683639